000 00498nam a2200169Ia 4500
999 _c10026
_d10026
003 OSt
005 20191213160730.0
008 190216s9999||||xx |||||||||||||| ||und||
040 _coclc
082 _a338.954
_bKAB/D
100 _aKabra, Kamal Nayan
_9490
245 0 _aDevelopment Planning In India /
_c Kamal Nayan Kabra
260 _bSage Publications,
_c1997.
_aNew Delhi:
300 _a251p
650 _aEconomics
942 _cBK
_2ddc
_h338.954
_iKAB/D
_k338.954
_mKAB/D